Normal view
MARC view
- Díaz Barriga, Frida,
Entry Nombre Personal
001 - NUMERO DE CONTROL
- campo de control: 30592
003 - IDENTIFICADOR DE NUMERO DE CONTROL
- campo de control: MX-MxUPN
005 - FECHA Y HORA DE LA ÜLTIMA TRANSACCIÓN
- campo de control: 20250917123306.0
008 - DATOS DE LONGITUD FIJA
- campo de control de longitud fija: 250917n| acnnnaabn | aaa |d
024 7# - OTROS IDENTIFICADORES NORMALIZADOS
- Fuente: orcid
- Número normalizado o código: 0000-0001-8720-1857
035 ## - NUMERO DE CONTROL
- Número de control: UPN11000002698
040 ## - FUENTE DE CATALOGACIÓN
- Agencia original de catalogación: MX-MxUPN
- Lenguaje de catalogación: spa
- Agencia de transcripción: MX-MxUPN
100 1# - ENCABEZAMIENTO - NOMBRE PERSONAL
- Nombre personal: Díaz Barriga, Frida,
- Fechas asociadas con el nombre: 1955-
670 ## - FUENTE EN LA QUE SE LOCALIZARON DATOS
- Cita de la fuente: Herramientas para aprender con sentido, 2020:
- Uniform Resource Identifier: portada (Frida Díaz Barriga)
902 ## - CATALOGADOR
- Catalogador: CAA/301110
